00348nam a2200121Ia 4500008004100000245008500041260001700126260000900143300000900152650002300161650001200184856003000196170516s9999 xx 000 0 und d aTargeting Negative Surface Charges of Cancer Cells by Multifunctional Nanoprobes bTheranostics c2016 a6:11 xMedical Technology xMedtech uhttp://www.thno.org/v6i11